000 00555nam a2200145Ia 4500
008 090122s9999 xx 000 0 und d
082 _b8903
_a891.4684
100 _aकुकडे-लवळेकर
_bअनघा
245 _aसामाजिक जाणिव संवर्धन
600 _aकुकडे-लवळेकर
630 _aसामाजिक जाणिव संवर्धन
700 _aकुकडे-लवळेकर
730 _aसामाजिक जाणिव संवर्धन
942 _cBOOK
999 _c32980
_d32980